Riconosci lo Stato - Quiz n°51 - Statistics

Statistiche generali
  • Questo quiz è stato fatto 29 volte
  • Il punteggio medio è 11 su 12
Statistiche sulle risposte
Indizio Risposta % Corretto
Popolazione 3 530 912 ab.
96%
Iniziale della Capitale M
96%
Superficie 176 215 km²
91%
Indipendenza 25 agosto 1825 dal Brasile
91%
Presidente della Repubblica Luis Alberto Lacalle Pou
91%
Valuta Peso
91%
Forma di Governo Repubblica presidenziale
91%
Fuso Orario UTC-3
91%
PIL (nominale) 60 180 milioni di $
87%
Tasso di crescita 0,24%
83%
ISU 0,809
83%
Risposta Uruguay
83%
Nessun quiz corrispondente trovato
Distribuzione punteggi
Percentuale di utenti per punteggio
Percentile per numero di risposta
I tuoi punteggi nel tempo
Non hai fatto questo quiz